000 00366 a2200121 4500
020 _a0155064487
082 _a808.0666 BUR
100 _aBurnett, Rebecca E.,
245 _aTechnical communication
_cRebecca E. Burnett.
250 _a5th ed.
260 _aFort Worth :
_bHarcourt College Publishers,
_cc2001.
300 _axxvii, 736 p. :
_bill. (some col.) ;
_c24 cm.
650 _aTechnical writing.
999 _c411
_d411